| 000 | 00591nam a2200169 a 4500 | ||
|---|---|---|---|
| 001 | 000042470 | ||
| 005 | 20201002040157.0 | ||
| 008 | 131204s2002 sp af 000 0 spa d | ||
| 020 | _a8436935918 | ||
| 040 |
_aDO-SdBNP _bspa _cBNPHU |
||
| 245 | 0 | 0 |
_aAntigua capital del reino de Guatemala / _cJavier Aguilera Rojas. |
| 260 |
_aBarcelona ; : _bMinisterio de Educación Cultura y Deporte, _c2002. |
||
| 300 |
_a170 p. : _bil, lám. ; _c32 cm. |
||
| 504 | _aBibliografía : p. 160 p. | ||
| 700 | 1 |
_aAguilera Rojas, Javier _eed. _969651 |
|
| 710 | 2 |
_aMinisterio de Educación Cultura y Deporte _960914 |
|
| 999 |
_c41959 _d41959 |
||